| 000 | 00652nam a2200241Ia 4500 | ||
|---|---|---|---|
| 003 | OSt | ||
| 005 | 20221005085514.0 | ||
| 006 | a|||||r|||| 00| 0 | ||
| 007 | ta | ||
| 008 | 221004b |||||||| |||| 00| 0 eng d | ||
| 024 | _a53819 | ||
| 037 | _cTextual | ||
| 040 |
_aCRL _cCRL _beng |
||
| 041 |
_2eng _aeng |
||
| 082 | _aO111:gvM, K1 | ||
| 100 | _aWright Austin Ed. | ||
| 245 | 0 |
_aVietorian literature _b Modern essays in criticism |
|
| 260 |
_aNew York _bGalaxy Book USA _c1961 |
||
| 300 |
_a378p. _ccm. |
||
| 650 | _aENGLISH LITERATURE | ||
| 942 |
_hO111:gvM, K1 _cTEXL _2cc |
||
| 999 |
_c994348 _d994348 |
||